00362nam a2200121Ia 45000010005000000080041000050820021000461000054000672450053001212600024001749010027001989990015002253624241024s9999 xx 000 0 und d aRD/373.023/R426p aRepública Dominicana. Ministerio de Educación 0aPrograma Modelo de las Naciones Unidas, (UMNURD) bSanto Domingoc2013 a13/1/2014 3:18:11 p.m. c8560d8560